Sports Quiz

Random Sports Quiz

Tour de France: Best Norwegian Rider Quiz Stats

 Plays Quiz not verified by Sporcle

Challenge
Share
Tweet
Embed
Score 0/41 Timer 08:00
0 Plays Today
Year Name % Correct
'03-'74no Norwegian riders
100%
19751 Norwegian rider who DNF
100%
1977no Norwegian riders
100%
1978no Norwegian riders
100%
19821 Norwegian rider who DNF
100%
19831 Norwegian rider who DNF
100%
1984no Norwegian riders
100%
1985no Norwegian riders
100%
'95-'99no Norwegian riders
100%
2002Thor Hushovd
94.3%
2003Thor Hushovd
94.3%
2004Thor Hushovd
94.3%
2006Thor Hushovd
94.3%
2009Thor Hushovd
94.3%
2010Thor Hushovd
94.3%
2017Edvald Boasson Hagen
93.3%
2012Edvald Boasson Hagen
92.4%
2011Edvald Boasson Hagen
92.4%
2015Edvald Boasson Hagen
92.4%
2016Edvald Boasson Hagen
92.4%
2018Edvald Boasson Hagen
90.6%
Year Name % Correct
2014Alexander Kristoff
83.4%
2005Kurt Asle Arvesen
65.4%
2007Kurt Asle Arvesen
65.4%
2008Kurt Asle Arvesen
65.4%
1986Dag Otto Lauritzen
57.8%
1987Dag Otto Lauritzen
57.8%
1993Dag Otto Lauritzen
57.8%
1994Dag Otto Lauritzen
57.8%
2013Lars Petter Nordhaug
44.1%
1976Knut Knudsen
41.7%
1979Knut Knudsen
41.7%
2000Steffen Kjærgaard
29.4%
2001Steffen Kjærgaard
29.4%
1980Jostein Wilmann
28.9%
1981Jostein Wilmann
28.9%
1989Atle Kvålsvoll
26.5%
1990Atle Kvålsvoll
26.5%
1992Atle Kvålsvoll
26.5%
1988Jaanus Kuum
20.9%
1991Olaf Lurvik
11.8%

You're not logged in!

Compare scores with friends on all Sporcle quizzes.
Join for Free
OR
Log In

You Might Also Like...

Show Comments

Extras

Top Quizzes Today


Score Distribution

Your Account Isn't Verified!

In order to create a playlist on Sporcle, you need to verify the email address you used during registration. Go to your Sporcle Settings to finish the process.

Report this User

Report this user for behavior that violates our Community Guidelines.

Details: